000 00831cam a2200241 a 4500
001 1179535
005 20180302071714.0
008 970331s2001 nyua b 001 0 eng
010 _a 97008615
020 _a0716731088 (pbk. : alk. paper)
020 _a0716728621 (alk. paper)
040 _aDLC
_cDLC
_dDLC
041 _aeng
080 _a303.375 PRA
082 0 0 _a303.375 PRA
_221
100 1 _a48
101 _aPSI
245 1 0 _aAge of propaganda :
_cAnthony R. Pratkanis and Elliot Aronson.
504 _aIncludes bibliographical references (p. [357]-397) and index.
906 _a7
_bcbc
_corignew
_d1
_eocip
_f19
_gy-gencatlg
942 _2ddc
_cBK
999 _c44039
_d44039